| 000 | 00696cam a22002657a 4500 | ||
|---|---|---|---|
| 001 | 102779 | ||
| 005 | 20230410132546.0 | ||
| 008 | 090819s2008 bl 000 i por | ||
| 035 | _a15873520 | ||
| 010 | _a2009343148 | ||
| 020 | _a9788535913552 | ||
| 040 |
_aDLC _cDLC |
||
| 042 | _alcode | ||
| 050 | 1 | 4 |
_aPQ 9698.29 _bS419m 2008 |
| 049 | _aGRAL | ||
| 100 | 1 |
_aScliar, Moacyr, _d1937 |
|
| 245 | 1 | 0 |
_aManual da paixão solitária / _cMoacyr Scliar. |
| 260 |
_aSão Paulo, Brazil : _bCompanhia Das Letras, _c2008. |
||
| 300 |
_a215 p. ; _c21 cm. |
||
| 650 | 0 |
_aRomances _xLiteratura brasileira |
|
| 650 | 0 | _aRomance brasileiro | |
| 942 |
_2lcc _cbk |
||
| 985 | _eODE-rj | ||
| 946 | _aNBM | ||
| 999 |
_c83716 _d83716 |
||